000 00430nab a2200145Ia 4500
003 ES-SlBCS
005 20210601125302.0
008 140529s1997 xxu||||| |||| 00| 0 eng d
041 _aeng
100 1 _aDriver, Julia
_9156320
245 0 4 _aThe Ethics of Intervention
_c Julia Driver
650 0 4 _aIntervención
_9156321
773 0 _tPhilosophy and Phenomenological Research
_gvol. 57, 1997, págs. 851-870
_wRev1411
942 _cAR
999 _c527841
_d527841